000 00759nam a2200181Ia 4500
008 100920s9999 xx 000 0 und d
082 _b85978
_a49 0
100 _aमहाजन भास्कर.
245 _aमेवाडचा सिंह महाराणा प्रताप.
260 _bसाक्षी प्रकाशन खिरेादा,जळगाव.
_c0
300 _a527
_bसाधी
365 _b500
520 _aडिपॉझिट सेक्शन.
630 _aमेवाडचा सिंह महाराणा प्रताप.
650 _aडिपॉझिट सेक्शन.
730 _aमेवाडचा सिंह महाराणा प्रताप.
942 _cBOOK
999 _c726488
_d726485